ANFIS pre PLC

Salvato in:
Dettagli Bibliografici
Autore principale: Dvorák, Péter (Autore)
Altri autori: Körösi, Ladislav (Relatore della tesi)
Natura: Manoscritto Libro
Lingua:slovacco
Pubblicazione: Bratislava : STU v Bratislave FEI, 2022
Soggetti:
Accesso online:https://opac.crzp.sk/?fn=detailBiblioFormChildMHT28&sid=378281AEB05FBF717137C9A6EBFA&seo=CRZP-detail-kniha
Tags: Aggiungi Tag
Nessun Tag, puoi essere il primo ad aggiungerne!!

MARC

LEADER 00000ntm a22000003a 4500
001 stuzp82658
003 SK-STU
005 20230314142820.7
007 ta
008 150427s2015----xo-----f-mn---000-0-slo-d
040 |a STU  |b slo 
041 0 |a slo 
044 |a xo 
100 1 |a Dvorák, Péter  |u 031000  |4 aut  |U FEI Fakulta elektrotechniky a informatiky  |T FEI Ústav robotiky a kybernetiky  |X 98325  |U E011  |Y 356  |7 98325 
242 0 1 |a ANFIS for PLC  |y eng 
245 1 0 |a ANFIS pre PLC 
260 |a Bratislava :  |b STU v Bratislave FEI,  |c 2022 
300 |a 61 s., príl. 
650 4 |a TIA Portal  |2 slo 
650 4 |a PLC  |2 slo 
650 4 |a ANFIS  |2 slo 
650 4 |a Fuzzy Logic Toolbox  |2 slo 
650 4 |a ST  |2 slo 
650 4 |a Matlab  |2 slo 
650 4 |a ANFIS  |2 eng 
650 4 |a TIA Portal  |2 eng 
650 4 |a PLC  |2 eng 
650 4 |a ST  |2 eng 
650 4 |a Matlab  |2 eng 
650 4 |a Fuzzy Logic Toolbox  |2 eng 
700 1 |a Körösi, Ladislav  |u 031000  |k Z1  |4 ths  |U FEI Fakulta elektrotechniky a informatiky  |T FEI Ústav robotiky a kybernetiky  |X 4960  |U E011  |Y 356  |7 A000004960 
856 4 |u https://opac.crzp.sk/?fn=detailBiblioFormChildMHT28&sid=378281AEB05FBF717137C9A6EBFA&seo=CRZP-detail-kniha